000 00293nam a2200121Ia 4500
008 211105s9999 xx 000 0 und d
020 _aVYASA07206
100 _aNoAuthor
245 0 _aKundalini yoga
250 _a1st ed.
260 _bMotilal banarsidass
_c\N
300 _a365 p. includes index
999 _c13704
_d13704